| 000 | 00501 a2200169 4500 | ||
|---|---|---|---|
| 003 | OSt | ||
| 005 | 20231028102931.0 | ||
| 008 | 231028b |||||||| |||| 00| 0 eng d | ||
| 020 | _a9789357321273 | ||
| 040 | _coclc | ||
| 082 |
_a398.2 _bSRE/A |
||
| 100 |
_aSreekumar, K _97440 |
||
| 245 |
_aVADAKKANPATTU KATHAKAL SERIES AROMAL CHEKAVAR / _cDr. K Sreekumar |
||
| 260 |
_aKottayam: _bD C Books, _c2023. |
||
| 300 |
_a128p _c28 cm |
||
| 942 |
_2ddc _cBK _h398.2 _iSRE/A _k398.2 _mSRE/A |
||
| 999 |
_c42928 _d42928 |
||